| 000 | 00427nam a22001697a 4500 | ||
|---|---|---|---|
| 005 | 20180904110706.0 | ||
| 008 | 160524b xxu||||| |||| 00| 0 eng d | ||
| 020 | _a81-7014-703-4 | ||
| 041 | _aeng | ||
| 082 |
_b4526 _a658.4012 |
||
| 100 |
_aGhosh, P.K. _94856 |
||
| 245 | _aStrategic Planning and Management | ||
| 260 |
_aNew Delhi _bAcademic Faundation _c2001 |
||
| 300 | _a640p, | ||
| 650 |
_aManagement _9241 |
||
| 942 | _cBK | ||
| 999 |
_c1520 _d1519 |
||